Forecasting the health of elderly populations / (Record no. 68332)
[ view plain ]
| 000 -LEADER | |
|---|---|
| fixed length control field | 01251nam a2200337 a 4500 |
| 001 - CONTROL NUMBER | |
| control field | 68332 |
| 003 - CONTROL NUMBER IDENTIFIER | |
| rucl marc code | BD-RjUL |
| 005 - DATE AND TIME OF LATEST TRANSACTION | |
| control field | 20211209081746.0 |
| 008 - FIXED-LENGTH DATA ELEMENTS--GENERAL INFORMATION | |
| fixed length control field | 170402s1993 nyua b 001 0 eng c |
| 020 ## - INTERNATIONAL STANDARD BOOK NUMBER | |
| International Standard Book Number | 0387979530 (New York : acidfree paper) |
| International Standard Book Number | 3540979530 (Berlin : acidfree paper) |
| 035 ## - SYSTEM CONTROL NUMBER | |
| System control number | (BD-RjUL)68542 |
| 040 ## - CATALOGING SOURCE | |
| Original cataloging agency | DNLM/DLC |
| Transcribing agency | DLC |
| Modifying agency | BD-RjUL |
| Language of cataloging | eng |
| 041 ## - LANGUAGE CODE | |
| Language code of text/sound track or separate title | eng |
| 082 00 - DEWEY DECIMAL CLASSIFICATION NUMBER | |
| Classification number | 614.5992 |
| Edition number | 23 |
| Author mark and year | FOR 1993 |
| 245 00 - TITLE STATEMENT | |
| Title | Forecasting the health of elderly populations / |
| Statement of responsibility, etc. | Kenneth G. Manton, Burton H. Singer, Richard M. Suzman, editors. |
| 260 ## - PUBLICATION, DISTRIBUTION, ETC. (IMPRINT) | |
| Place of publication, distribution, etc. | New York : |
| Name of publisher, distributor, etc. | Springer-Verlag, |
| Date of publication, distribution, etc. | c1993. |
| 300 ## - PHYSICAL DESCRIPTION | |
| Pagination | x, 371 p. : |
| Illustrations | ill. ; |
| Size | 24 cm. |
| 504 ## - BIBLIOGRAPHY, ETC. NOTE | |
| Bibliography, etc | Includes bibliographical references and index. |
| 650 #0 - SUBJECT ADDED ENTRY--TOPICAL TERM | |
| Topical term or geographic name as entry element | Older people |
| General subdivision | Health and hygiene |
| Geographic subdivision | United States |
| General subdivision | Forecasting. |
| 9 (RLIN) | 202573 |
| Topical term or geographic name as entry element | Older people |
| General subdivision | Health and hygiene |
| Geographic subdivision | United States |
| General subdivision | Forecasting |
| -- | Statistical methods. |
| 9 (RLIN) | 202574 |
| Topical term or geographic name as entry element | Aged. |
| 9 (RLIN) | 202575 |
| Topical term or geographic name as entry element | Forecasting |
| General subdivision | methods. |
| 9 (RLIN) | 202576 |
| Topical term or geographic name as entry element | Health Care Costs. |
| 9 (RLIN) | 202577 |
| Topical term or geographic name as entry element | Health Status. |
| 9 (RLIN) | 202578 |
| Topical term or geographic name as entry element | Models, Theoretical. |
| 9 (RLIN) | 202579 |
| 700 1# - ADDED ENTRY--PERSONAL NAME | |
| Personal name | Manton, Kenneth G. |
| Personal name | Singer, Burton. |
| Personal name | Suzman, Richard. |
| 942 ## - ADDED ENTRY ELEMENTS (KOHA) | |
| Source of classification or shelving scheme | Dewey Decimal Classification |
| Koha item type | Books |
| Lost status | Source of classification or shelving scheme | Damaged status | Not for loan | Collection code | Permanent Location | Current Location | Shelving location | Date acquired | Source of acquisition | Cost, normal purchase price | Total Checkouts | Full call number | Date last seen | Copy number | Koha item type |
|---|---|---|---|---|---|---|---|---|---|---|---|---|---|---|---|
| Dewey Decimal Classification | Not For Loan | Non-fiction | Central Library, University of Rajshahi | Central Library, University of Rajshahi | Reading Room | 30/06/1997 | Dhaka, Ahsania mission book dis. home. | 120.00 | 614.5992 FOR 1993 | 02/04/2017 | C-1 | Books | |||
| Dewey Decimal Classification | Non-fiction | Central Library, University of Rajshahi | Central Library, University of Rajshahi | 30/06/1997 | Dhaka, Ahsania mission book dis. home. | 120.00 | 614.5992 FOR 1993 | 02/04/2017 | C-2 | Books |